Code of Civil Procedure (Record no. 1308783)

MARC details
000 -LEADER
fixed length control field 00620nam a2200217Ia 4500
005 - DATE AND TIME OF LATEST TRANSACTION
control field 20250409162856.0
008 - FIXED-LENGTH DATA ELEMENTS--GENERAL INFORMATION
fixed length control field 008 250409s9999 xx 000 0 eng d
037 ## - SOURCE OF ACQUISITION
Stock number Textbook
040 ## - CATALOGING SOURCE
Original cataloging agency LCT
Language of cataloging eng
Transcribing agency LCT
041 ## - LANGUAGE CODE
Language code of text/sound track or separate title eng
Source of code eng
084 ## - COLON CLASSIFICATION NUMBER
Classification number Z,71,1 / N7
Assigning agency LCT
100 ## - MAIN ENTRY--PERSONAL NAME
Personal name Tandon, M.P.
9 (RLIN) 349121
245 #0 - TITLE STATEMENT
Title Code of Civil Procedure
Statement of responsibility, etc. by Mahesh Prasad Tandon and Rajesh Tandon
250 ## - EDITION STATEMENT
Edition statement 24th ed.
260 ## - PUBLICATION, DISTRIBUTION, ETC.
Place of publication, distribution, etc. Faridabad, haryana
Name of publisher, distributor, etc. Allahabd Law Agency
Date of publication, distribution, etc. 1997
300 ## - PHYSICAL DESCRIPTION
Extent xiii , 462p.
365 ## - TRADE PRICE
Price type code INR
Price amount 150
650 ## - SUBJECT ADDED ENTRY--TOPICAL TERM
Topical term or geographic name entry element Law
942 ## - ADDED ENTRY ELEMENTS (KOHA)
Koha item type Textbook
Classification part Z,71,1 / N7
Holdings
Withdrawn status Lost status Damaged status Not for loan Home library Current library Date acquired Total Checkouts Full call number Barcode Date last seen Price effective from Koha item type
        Law Centre-II Library Law Centre-II Library 2025-04-09   Z,71,1 / N7 LT0017192 2025-04-09 2025-04-09 Textbook
Copyright @ Delhi University Library System